• 首页
  • 本馆介绍
  • 公告通知
  • 最新文献
  • 馆藏检索
  • 电子资源
  • 读者导购
  • 参考咨询
  • 我的图书馆
  • 登录
  • 详细信息显示
  • 放入我的书架
  • 预约/预借图书
  • 作者相关作品
  • 分类相关作品
  • 丛书相关作品
  • 出版社相关作品

书目信息

  • 表格格式
  • 工作单格式
  • 卡片格式
题名:
动物检疫
    
 
作者: ;农林部动植物检疫训练班 编
分册:  
出版信息: 上海   上海人民出版社  1977
页数: 328页
开本: 26cm
丛书名:
单 册:
中图分类: S851.34
科图分类:
主题词: 兽疫-检疫 , 检疫-兽疫
电子资源:
ISBN:
000 00634nam0 2200229 45
001 0177003053
005 20060726103750.89
010    @dCNY1.40
100    @a19951024d1977 em y0chiy0121 ea
101 0  @achi
102    @aCN@b310000
105    @ay z 000yy
200 10 @a动物检疫@Adong wu jian yi@f农林部动植物检疫训练班编
210    @a上海@c上海人民出版社@d1977
215    @a328页@d26cm
606    @a兽疫-检疫
606    @a检疫-兽疫
690    @aS851.34@v3
711 02 @a农林部动植物检疫训练班@Anong lin bu dong zhi wu jian yi xun lian ban@4编
801  2 @aCN@bNLC@c20060726
801  0 @aCN@bTSSF
905    @a10447@dS851.34@e27
    
    动物检疫/农林部动植物检疫训练班编.-上海:上海人民出版社,1977
    328页;26cm
    
    
    ISBN :CNY1.40
    
●
相关链接 在E读中查询图书 在五车中查询图书 在当当中查询图书 在豆瓣中查询图书


正题名:动物检疫     索取号:S851.34/27         预约/预借

序号 登录号 条形码 馆藏地/架位号 状态 备注
1 0438599   204385995   密集书库/ [索取号:S851.34/27] 在馆    
唐山师范学院图书馆 欢迎您!
大连网信软件有限公司© 版权所有